MARC

LEADER 00000nam0a2200000 4500
001 313547
005 20231102002606.0
035 |a (RuTPU)RU\TPU\book\338931 
090 |a 313547 
100 |a 20160128d1973 m y0rusy50 ca 
101 0 |a rus 
102 |a RU 
105 |a y z 000zy 
200 1 |a Хороводные песни, записанные в Томской области (Песни Томского Приобья)  |f сост. А. М. Мехнецов 
210 |a Ленинград  |a Москва  |c Советский композитор  |d 1973 
215 |a 78 с. 
225 1 |a Русские народные песни : новые публикации 
317 |5 63413507: 16-78  |a Поступила в НТБ в 2016 г. в дар от семьи профессора ТПУ В. А. Москалева.  
606 1 |a Песни исторические русские  |2 stltpush  |3 (RuTPU)RU\TPU\subj\48674  |9 67523 
606 1 |a Хор,русский  |2 stltpush  |3 (RuTPU)RU\TPU\subj\17584  |9 43194 
610 1 |a музыка 
610 1 |a хороводные песни 
610 1 |a история 
610 1 |a Сибирь 
610 1 |a Томская область 
610 1 |a Приобье 
610 1 |a этнография 
610 1 |a обрядовые песни 
610 1 |a 17 век 
610 1 |a 18 век 
610 1 |a 19 век 
610 1 |a 20 век 
610 1 |a дары библиотеке 
675 |a 811  |v 3 
675 |a 784  |v 3 
702 1 |a Мехнецов  |b А. М.  |g Анатолий Михайлович  |4 220 
801 1 |a RU  |b 63413507  |c 20160128 
801 2 |a RU  |b 63413507  |c 20160226  |g RCR 
942 |c BK